000 01083 a2200277 4500
003 UA-OsUOA
005 20230621154457.0
008 230608b un ||||| |||| 00| 0 ukr d
020 _a9967703061
040 _aUA-OsUOA
_bukr
_cUA-OsUOA
_dUA-OsUOA
041 _aukr
080 _a94(477.87)
090 _a94(477.87)
_bЛ87
100 _aЛучкай М.
110 _aУжгородський національний університет
245 _aІсторія карпатських русинів
_bу шести томах
_cМихайло Лучкай ; пер. з лат М. В. Ороса
260 _aУжгород
_bЗакарпаття
_c2004
300 _a251 с.
_bіл.
490 _aПисьменство Закарпаття
500 _aДо 2000-ліття Різдва Христового
505 _gТ. V
650 _2UDC
_a94(477) Історія України
942 _cBK
_2udc
955 _a1
999 _c574397
_d574397